000 00280nam a22001337a 4500
008 170921b xxu||||| |||| 00| 0 eng d
020 _a0500250928
041 _aeng
080 _a7
100 _a45
101 _aART
245 _aTHE GREEK WORLD
_cBROWNING,R
942 _2udc
_cBK
999 _c28666
_d28666